[Event "SLO-chT2 West"]
[Site "Komenda"]
[Date "2019.11.17"]
[Round "5.3"]
[White "Topolovec, Vid"]
[Black "Suhadolnik, Jernej"]
[Result "1/2-1/2"]
[WhiteElo "1775"]
[BlackElo "1863"]
[PlyCount "66"]
[EventDate "2019.11.15"]
[EventType "team-tourn"]
[EventRounds "9"]
[EventCountry "SLO"]
[SourceTitle "EXT 2024"]
[Source "ChessBase"]
[SourceDate "2023.10.10"]
[SourceVersion "1"]
[SourceVersionDate "2023.10.10"]
[SourceQuality "1"]
[WhiteTeam "Ljubljana SK"]
[BlackTeam "Trzin"]
[WhiteTeamCountry "SLO"]
[BlackTeamCountry "SLO"]

1. e4 a6 2. b3 b5 3. Bb2 Bb7 4. Bd3 c5 5. Qe2 Nc6 6. c3 Ne5 7. Bc2 c4 8. Nf3 Nxf3+ 9. Qxf3 Nf6 10. d3 e5 11. Nd2 cxd3 12. Bxd3 d5 13. 0-0 Bc5 14. exd5 Qxd5 15. Qxd5 Nxd5 16. Rfe1 f6 17. Ne4 Be7 18. c4 Nb4 19. Bb1 bxc4 20. bxc4 0-0-0 21. Bc3 Rd7 22. c5 Nd3 23. Re3 Nxc5 24. Nd2 g6 25. Bc2 Rhd8 26. Nc4 Kb8 27. Ba5 Re8 28. Rb1 Rd4 29. Nb6 Ka7 30. Bc3 Rd6 31. Na4 Rc6 32. Ba5 Rec8 33. Bb6+ Ka8 1/2-1/2

[Event "SLO-chT2 West"]
[Site "Komenda"]
[Date "2019.11.16"]
[Round "2.3"]
[White "Topolovec, Vid"]
[Black "More, Erlend"]
[Result "0-1"]
[WhiteElo "1775"]
[BlackElo "1576"]
[PlyCount "74"]
[EventDate "2019.11.15"]
[EventType "team-tourn"]
[EventRounds "9"]
[EventCountry "SLO"]
[SourceTitle "EXT 2024"]
[Source "ChessBase"]
[SourceDate "2023.10.10"]
[SourceVersion "1"]
[SourceVersionDate "2023.10.10"]
[SourceQuality "1"]
[WhiteTeam "Ljubljana SK"]
[BlackTeam "Komenda SK"]
[WhiteTeamCountry "SLO"]
[BlackTeamCountry "SLO"]

1. e4 Nf6 2. d3 e5 3. f4 exf4 4. Bxf4 d6 5. Be2 Nc6 6. Nf3 Bg4 7. 0-0 Bxf3 8. Bxf3 Nd4 9. e5 dxe5 10. Bxe5 c6 11. Bxf6 Nxf3+ 12. Qxf3 Qxf6 13. Qxf6 gxf6 14. Rxf6 Bg7 15. Rf1 Bxb2 16. Nd2 Bxa1 17. Rxa1 0-0 18. Ne4 Rad8 19. Rf1 Kg7 20. Rf4 Rd4 21. Rg4+ Kh8 22. Rg5 f5 23. Nc5 Rf7 24. c3 Rg4 25. Rh5 b6 26. Ne6 Ra4 27. Nd4 c5 28. Nxf5 Rxa2 29. g4 Rf6 30. Rh3 Re6 31. Ne3 Rd2 32. Nf1 Rc2 33. d4 Re1 34. g5 Kg7 35. Rf3 a5 36. Rf6 Rcc1 37. Kg2 Rxf1 0-1

[Event "Ljubljana-chT 72nd Superliga"]
[Site "Ljubljana"]
[Date "2019.03.14"]
[Round "7.3"]
[White "Marinsek, Tomaz"]
[Black "Topolovec, Vid"]
[Result "1-0"]
[WhiteElo "2114"]
[BlackElo "1705"]
[PlyCount "33"]
[EventDate "2019.01.10"]
[EventType "team-tourn"]
[EventRounds "7"]
[EventCountry "SLO"]
[SourceTitle "EXT 2024"]
[Source "ChessBase"]
[SourceDate "2023.10.10"]
[SourceVersion "1"]
[SourceVersionDate "2023.10.10"]
[SourceQuality "1"]
[WhiteTeam "Mentor"]
[BlackTeam "Ljubljana SK"]
[WhiteTeamCountry "SLO"]
[BlackTeamCountry "SLO"]

1. e4 e5 2. Nf3 Nc6 3. Bb5 f5 4. Nc3 d6 5. d4 Bd7 6. 0-0 Qe7 7. Nd5 Qd8 8. exf5 Nf6 9. dxe5 Nxe5 10. Bxd7+ Qxd7 11. Bg5 Nxd5 12. Qxd5 Be7 13. Nxe5 dxe5 14. Qxe5 Kf8 15. Rad1 Bd6 16. Qd5 Re8 17. Bf4 1-0

[Event "Nova Gorica op 24th"]
[Site "Nova Gorica"]
[Date "2019.01.31"]
[Round "9"]
[White "Milicevic, Zoran1111"]
[Black "Topolovec, Vid"]
[Result "0-1"]
[WhiteElo "1592"]
[BlackElo "1705"]
[PlyCount "86"]
[EventDate "2019.01.25"]
[EventType "swiss"]
[EventRounds "9"]
[EventCountry "SLO"]
[SourceTitle "CBM 188 Extra"]
[Source "ChessBase"]
[SourceDate "2019.02.26"]
[SourceVersion "1"]
[SourceVersionDate "2019.02.26"]
[SourceQuality "1"]

1. e4 e5 2. Nf3 Nc6 3. Bc4 Nf6 4. Ng5 d5 5. exd5 Na5 6. Bb5+ c6 7. dxc6 bxc6 8. Be2 h6 9. Nf3 e4 10. Ne5 Qd4 11. Ng4 Bxg4 12. Bxg4 e3 13. f3 h5 14. Bf5 g6 15. Bd3 Bd6 16. dxe3 Qh4+ 17. Ke2 0-0 18. Qe1 Qg5 19. Qf2 Nd5 20. e4 Qe7 21. g3 Bc5 22. Qe1 Nb7 23. Kf1 Rae8 24. a3 f5 25. Kg2 Nd6 26. Bh6 fxe4 27. Bxe4 Nxe4 28. Bxf8 Qxf8 29. fxe4 Ne3+ 30. Kh3 Qf3 31. Qxe3 Bxe3 32. Nc3 Rf8 33. Rhf1 Qxf1+ 34. Rxf1 Rxf1 35. b4 Rc1 36. b5 Rxc2 37. Nd1 Bg1 38. Kh4 cxb5 39. Kg5 Kg7 40. h3 Bd4 41. Kf4 Rd2 42. Ne3 g5+ 43. Kf3 Rd3 0-1

[Event "Nova Gorica op 24th"]
[Site "Nova Gorica"]
[Date "2019.01.26"]
[Round "2"]
[White "Bajo, Tin"]
[Black "Topolovec, Vid"]
[Result "1/2-1/2"]
[WhiteElo "1925"]
[BlackElo "1705"]
[PlyCount "39"]
[EventDate "2019.01.25"]
[EventType "swiss"]
[EventRounds "9"]
[EventCountry "SLO"]
[SourceTitle "CBM 188 Extra"]
[Source "ChessBase"]
[SourceDate "2019.02.26"]
[SourceVersion "1"]
[SourceVersionDate "2019.02.26"]
[SourceQuality "1"]

1. e4 e5 2. Nf3 Nc6 3. d4 exd4 4. Bc4 Bc5 5. c3 dxc3 6. Bxf7+ Kxf7 7. Qd5+ Kf8 8. Qxc5+ Qe7 9. Qxe7+ Ngxe7 10. Nxc3 d6 11. Nb5 Bg4 12. Nxc7 Bxf3 13. Nxa8 Bxg2 14. Rg1 Bxe4 15. Be3 Nd5 16. Rg4 Bf3 17. Rg3 Be4 18. Rg4 Bf3 19. Rg3 Be4 20. Rg4 1/2-1/2

[Event "Otocec Krka Terme op"]
[Site "Otocec"]
[Date "2018.12.28"]
[Round "7"]
[White "Topolovec, Vid"]
[Black "Kobe, Jure"]
[Result "1-0"]
[WhiteElo "1699"]
[BlackElo "1434"]
[PlyCount "57"]
[EventDate "2018.12.25"]
[EventType "swiss"]
[EventRounds "9"]
[EventCountry "SLO"]
[SourceTitle "EXT 2020"]
[Source "ChessBase"]
[SourceDate "2019.10.17"]
[SourceVersion "1"]
[SourceVersionDate "2019.10.17"]
[SourceQuality "1"]

1. e4 e5 2. Nf3 Nc6 3. Bc4 Bc5 4. c3 Nf6 5. d3 d6 6. Nbd2 0-0 7. 0-0 Ne7 8. Re1 Re8 9. Qb3 Rf8 10. Ng5 Qe8 11. d4 exd4 12. cxd4 Bxd4 13. Ndf3 Be5 14. Nxf7 Rxf7 15. Ng5 d5 16. exd5 Bd6 17. Nxf7 Qxf7 18. h3 b6 19. Bg5 Bb7 20. Bxf6 Qxf6 21. Re6 Qf7 22. Rae1 Rf8 23. Rxe7 Qxf2+ 24. Kh1 Bxe7 25. Rxe7 Kh8 26. Qc3 Rg8 27. Rxc7 Bc8 28. d6 Bxh3 29. gxh3 1-0

[Event "Otocec Krka Terme op"]
[Site "Otocec"]
[Date "2018.12.25"]
[Round "2"]
[White "Topolovec, Vid"]
[Black "Stubljar, Andrej"]
[Result "1-0"]
[WhiteElo "1699"]
[BlackElo "2036"]
[PlyCount "57"]
[EventDate "2018.12.25"]
[EventType "swiss"]
[EventRounds "9"]
[EventCountry "SLO"]
[SourceTitle "EXT 2020"]
[Source "ChessBase"]
[SourceDate "2019.10.17"]
[SourceVersion "1"]
[SourceVersionDate "2019.10.17"]
[SourceQuality "1"]

1. e4 Nf6 2. e5 Nd5 3. c4 Nb6 4. d4 d6 5. f4 dxe5 6. fxe5 Nc6 7. Be3 Bf5 8. Nf3 e6 9. a3 a5 10. Be2 Be7 11. 0-0 0-0 12. Nc3 f6 13. Bf4 fxe5 14. dxe5 a4 15. Bg3 Na5 16. Nxa4 Nbxc4 17. Nc3 Ne3 18. Qxd8 Rfxd8 19. Rf2 Nc2 20. Rd1 Bc5 21. b4 Rxd1+ 22. Bxd1 Bxf2+ 23. Bxf2 Nxa3 24. bxa5 Rxa5 25. Nd4 Rxe5 26. Nxf5 exf5 27. Kf1 b5 28. Bb3+ Kf8 29. Bd4 1-0

[Event "SLO-chT Central 19th"]
[Site "Slovenia"]
[Date "2018.10.25"]
[Round "7.3"]
[White "Topolovec, Vid"]
[Black "Jese, Janez"]
[Result "1/2-1/2"]
[WhiteElo "1671"]
[BlackElo "1811"]
[PlyCount "109"]
[EventDate "2018.09.13"]
[EventType "team-tourn"]
[EventRounds "7"]
[EventCountry "SLO"]
[SourceTitle "EXT 2021"]
[Source "ChessBase"]
[SourceDate "2020.10.23"]
[SourceVersion "1"]
[SourceVersionDate "2020.10.23"]
[SourceQuality "1"]
[WhiteTeam "Klinicni Center"]
[BlackTeam "Visnja Gora Sticna"]
[WhiteTeamCountry "SLO"]
[BlackTeamCountry "SLO"]

1. e4 e5 2. Nf3 Nc6 3. Bc4 Nf6 4. d3 h6 5. 0-0 Bc5 6. c3 d6 7. Re1 0-0 8. Nbd2 a6 9. Nf1 Na5 10. b4 Nxc4 11. bxc5 Na5 12. cxd6 cxd6 13. Ne3 Be6 14. Bd2 b5 15. Nf1 Nc6 16. Ng3 Qd7 17. d4 Bg4 18. h3 Bxf3 19. Qxf3 exd4 20. cxd4 Nxd4 21. Qc3 Ne6 22. Bxh6 Rfc8 23. Qb2 Ne8 24. Be3 Rc6 25. Rac1 Rac8 26. Rxc6 Rxc6 27. Rc1 Nc5 28. Qd2 Qe6 29. f3 g6 30. Ne2 Rc7 31. Nf4 Qe5 32. Nd5 Rc8 33. Bd4 Qe6 34. Qh6 f6 35. Qxg6+ Kf8 36. Qh6+ Kf7 37. Qh7+ Kf8 38. Qg6 Qf7 39. Qf5 Rc6 40. Bxf6 Nxf6 41. Qxf6 Qxf6 42. Nxf6 a5 43. a3 b4 44. axb4 axb4 45. Nd5 b3 46. Kf1 b2 47. Rb1 Nd3 48. Ke2 Rc1 49. Kxd3 Rxb1 50. Kc2 Rg1 51. Kxb2 Rxg2+ 52. Kc3 Rg3 53. Kd4 Rxf3 54. h4 Kf7 55. e5 1/2-1/2

[Event "SLO-chT Central 19th"]
[Site "Slovenia"]
[Date "2018.10.04"]
[Round "4.4"]
[White "Topolovec, Vid"]
[Black "Jelen, Anja"]
[Result "1-0"]
[WhiteElo "1671"]
[BlackElo "1237"]
[PlyCount "73"]
[EventDate "2018.09.13"]
[EventType "team-tourn"]
[EventRounds "7"]
[EventCountry "SLO"]
[SourceTitle "EXT 2021"]
[Source "ChessBase"]
[SourceDate "2020.10.23"]
[SourceVersion "1"]
[SourceVersionDate "2020.10.23"]
[SourceQuality "1"]
[WhiteTeam "Klinicni Center"]
[BlackTeam "Ig"]
[WhiteTeamCountry "SLO"]
[BlackTeamCountry "SLO"]

1. e4 e5 2. Nf3 Nc6 3. Bc4 Nf6 4. d3 Bc5 5. 0-0 d6 6. Bg5 a6 7. Nc3 Na5 8. Nd5 Nxc4 9. dxc4 Be6 10. Qd3 Bxd5 11. exd5 0-0 12. Nd2 c6 13. Ne4 cxd5 14. cxd5 Rc8 15. Nxf6+ gxf6 16. Bh6 Kh8 17. Bxf8 Qxf8 18. Qf5 Bd4 19. Qxf6+ Kg8 20. c3 Bb6 21. Rae1 Rc5 22. Re4 Qd8 23. Rg4+ Kf8 24. Qh6+ Ke7 25. Qg5+ Ke8 26. Qxd8+ Kxd8 27. Rd1 Ke7 28. Rh4 Ra5 29. a4 Ba7 30. b3 b5 31. axb5 axb5 32. Rxh7 Ra2 33. Rf1 Rd2 34. c4 bxc4 35. bxc4 Rc2 36. h4 Rxc4 37. h5 1-0

[Event "SLO-ch 28th"]
[Site "Ljubljana"]
[Date "2018.05.04"]
[Round "9"]
[White "Topolovec, Vid"]
[Black "Bajo, Tin"]
[Result "1/2-1/2"]
[WhiteElo "1679"]
[BlackElo "1946"]
[PlyCount "111"]
[EventDate "2018.04.27"]
[EventType "swiss"]
[EventRounds "9"]
[EventCountry "SLO"]
[SourceTitle "CBM 184 Extra"]
[Source "ChessBase"]
[SourceDate "2018.06.28"]
[SourceVersion "1"]
[SourceVersionDate "2018.06.28"]
[SourceQuality "1"]

1. e4 e5 2. Nf3 Nc6 3. Bc4 Bc5 4. c3 Nf6 5. d3 0-0 6. 0-0 d5 7. exd5 Nxd5 8. Nbd2 Be6 9. Re1 f6 10. Ne4 Bb6 11. Ng3 Qd7 12. Qe2 Rfe8 13. Be3 Rad8 14. Rad1 Nxe3 15. Bxe6+ Qxe6 16. fxe3 Qxa2 17. Kh1 Qe6 18. Nh4 g6 19. e4 a5 20. Rf1 Ne7 21. h3 Bc5 22. Rf3 Rf8 23. Rdf1 Rf7 24. Qd2 Kh8 25. Qh6 Rg8 26. Kh2 Rgg7 27. Nh1 Ng8 28. Qd2 b5 29. g4 b4 30. Ra1 Qb6 31. Raf1 Qe6 32. Ra1 bxc3 33. bxc3 Bb6 34. Ng3 c5 35. c4 Rb7 36. Ne2 Bd8 37. Nc3 Rgd7 38. Nd5 Rb3 39. Qe3 Qc6 40. Rf2 a4 41. Rfa2 Ra7 42. Qd2 Ne7 43. Nc3 Ba5 44. Rc2 Qb6 45. Qc1 Bxc3 46. Rxc3 Rxc3 47. Qxc3 Qb4 48. Qc1 a3 49. Rb1 a2 50. Ra1 Qa3 51. Qd2 Kg7 52. g5 fxg5 53. Nf3 Nc6 54. Nxg5 Nd4 55. Qf2 h6 56. Rf1 1/2-1/2

[Event "SLO-ch 28th"]
[Site "Ljubljana"]
[Date "2018.05.03"]
[Round "8"]
[White "Babic, Miroslav"]
[Black "Topolovec, Vid"]
[Result "0-1"]
[WhiteElo "1685"]
[BlackElo "1679"]
[PlyCount "114"]
[EventDate "2018.04.27"]
[EventType "swiss"]
[EventRounds "9"]
[EventCountry "SLO"]
[SourceTitle "CBM 184 Extra"]
[Source "ChessBase"]
[SourceDate "2018.06.28"]
[SourceVersion "1"]
[SourceVersionDate "2018.06.28"]
[SourceQuality "1"]

1. e4 e5 2. Nf3 Nc6 3. a3 Bc5 4. Nc3 d6 5. d3 Nf6 6. Bg5 h6 7. Bh4 Bg4 8. Be2 Bxf3 9. Bxf3 g5 10. Bg3 h5 11. h3 Nd4 12. Qd2 Nxf3+ 13. gxf3 h4 14. Bh2 Nh5 15. Rg1 Rg8 16. 0-0-0 c6 17. Rg4 Kd7 18. Rdg1 f6 19. Na4 Bb6 20. Nxb6+ axb6 21. d4 Kc7 22. Rd1 Qe7 23. Qc3 Rgd8 24. Rd3 Ng7 25. d5 c5 26. Qc4 Qd7 27. Rb3 Ra5 28. Qc3 Ne8 29. Qd3 Rda8 30. Bg1 b5 31. Rc3 Kd8 32. b4 cxb4 33. axb4 Ra1+ 34. Kd2 R8a4 35. Rb3 R1a2 36. f4 exf4 37. f3 Ra1 38. Rc3 Rxb4 39. Bb6+ Ke7 40. e5 Kf8 41. Qg6 Qg7 42. Qf5 Rc4 43. Rxc4 bxc4 44. Bd8 dxe5 45. Qc8 Rh1 46. Qc5+ Kg8 47. Be7 Qf7 48. d6 Qe6 49. Kc3 Rd1 50. Qxc4 Qxc4+ 51. Kxc4 Kf7 52. Kc5 Ke6 53. c4 Nxd6 54. Bd8 Rd4 55. Kb6 Rxc4 56. Bc7 Rc6+ 57. Ka7 Rxc7 0-1

[Event "SLO-ch 28th"]
[Site "Ljubljana"]
[Date "2018.04.28"]
[Round "2"]
[White "Susnik, Matej"]
[Black "Topolovec, Vid"]
[Result "1-0"]
[WhiteElo "2055"]
[BlackElo "1679"]
[PlyCount "51"]
[EventDate "2018.04.27"]
[EventType "swiss"]
[EventRounds "9"]
[EventCountry "SLO"]
[SourceTitle "CBM 184 Extra"]
[Source "ChessBase"]
[SourceDate "2018.06.28"]
[SourceVersion "1"]
[SourceVersionDate "2018.06.28"]
[SourceQuality "1"]

1. e4 e5 2. f4 exf4 3. Nf3 Nf6 4. e5 Nh5 5. Be2 g5 6. 0-0 Ng7 7. d4 d5 8. exd6 Bxd6 9. Nc3 0-0 10. Ne4 Be7 11. c4 Bf5 12. Nc3 c6 13. Kh1 Nd7 14. d5 c5 15. Bd3 Bxd3 16. Qxd3 f5 17. Bd2 Bf6 18. Rae1 h6 19. b3 Re8 20. d6 b6 21. Nd5 Rc8 22. Bc3 Rxe1 23. Rxe1 Bxc3 24. Qxc3 Kf8 25. Re7 Nh5 26. Qh8# 1-0

[Event "SLO-ch 28th"]
[Site "Ljubljana"]
[Date "2018.04.27"]
[Round "1"]
[White "Topolovec, Vid"]
[Black "Stevanic, David"]
[Result "0-1"]
[WhiteElo "1679"]
[BlackElo "2250"]
[PlyCount "40"]
[EventDate "2018.04.27"]
[EventType "swiss"]
[EventRounds "9"]
[EventCountry "SLO"]
[SourceTitle "CBM 184 Extra"]
[Source "ChessBase"]
[SourceDate "2018.06.28"]
[SourceVersion "1"]
[SourceVersionDate "2018.06.28"]
[SourceQuality "1"]

1. e4 e5 2. Nf3 Nc6 3. Bc4 Bc5 4. c3 Nf6 5. d3 0-0 6. Be3 Bb6 7. 0-0 d5 8. exd5 Nxd5 9. Bg5 f6 10. Bh4 Kh8 11. h3 Bf5 12. d4 exd4 13. Nxd4 Nxd4 14. cxd4 Nb4 15. a3 Nc2 16. Ra2 Qxd4 17. Qxd4 Nxd4 18. Nc3 Bxh3 19. Bxf6 gxf6 20. gxh3 Nf3+ 0-1

[Event "Ljubljana-chT 71st 1st League"]
[Site "Ljubljana"]
[Date "2018.01.25"]
[Round "3.2"]
[White "Topolovec, Vid"]
[Black "Vah, Denis"]
[Result "0-1"]
[WhiteElo "1679"]
[BlackElo "1606"]
[PlyCount "120"]
[EventDate "2018.01.11"]
[EventType "team-tourn"]
[EventRounds "9"]
[EventCountry "SLO"]
[SourceTitle "EXT 2024"]
[Source "ChessBase"]
[SourceDate "2023.10.10"]
[SourceVersion "1"]
[SourceVersionDate "2023.10.10"]
[SourceQuality "1"]
[WhiteTeam "Klinicni Center"]
[BlackTeam "Vrhnika"]
[WhiteTeamCountry "SLO"]
[BlackTeamCountry "SLO"]

1. e4 e5 2. Nf3 Nc6 3. Bc4 Bc5 4. Nc3 Nf6 5. d3 d6 6. Bg5 h6 7. Bh4 g5 8. Bg3 Bg4 9. h4 Nh7 10. Qd2 Bxf3 11. gxf3 Nd4 12. Qd1 c6 13. f4 gxf4 14. Qh5 Qf6 15. 0-0-0 fxg3 16. fxg3 Qg6 17. Qxg6 fxg6 18. Rdf1 0-0-0 19. a3 Rdf8 20. b4 Bb6 21. Na4 Rxf1+ 22. Rxf1 Rf8 23. Rxf8+ Nxf8 24. Kd2 Bd8 25. Bf7 Kd7 26. Nb2 g5 27. c3 Nde6 28. h5 Ke7 29. Bxe6 Nxe6 30. g4 Nf4 31. Nd1 Bb6 32. a4 a6 33. a5 Ba7 34. Nb2 d5 35. c4 dxe4 36. dxe4 Kf6 37. c5 Bb8 38. Nc4 Bc7 39. Ne3 Ne6 40. Nf5 Nd4 41. Ne3 Bxa5 42. bxa5 Nb3+ 43. Ke2 Nxc5 44. Kf3 Nb3 45. Nc4 Ke6 46. Ke3 Nd4 47. Kd3 Nb5 48. Ke3 Nd6 49. Nb6 c5 50. Na4 Nc4+ 51. Kd3 Nxa5 52. Kc3 Kd6 53. Nb6 Nc6 54. Nd5 b5 55. Nf6 Nd4 56. Ng8 Ke6 57. Nxh6 Kf6 58. Ng8+ Kf7 59. Nh6+ Kg7 60. Nf5+ Nxf5 0-1